• 首页
  • 本馆介绍
  • 公告通知
  • 最新文献
  • 馆藏检索
  • 电子资源
  • 读者导购
  • 参考咨询
  • 我的图书馆
  • 登录
  • 详细信息显示
  • 放入我的书架
  • 预约/预借图书
  • 作者相关作品
  • 分类相关作品
  • 丛书相关作品
  • 出版社相关作品

书目信息

  • 表格格式
  • 工作单格式
  • 卡片格式
题名:
法语新手一学就会
    
 
作者: 李诗絮 编著
分册:  
出版信息: 北京   中国宇航出版社  2015
页数: 14,432页
开本: 18cm
丛书名:
单 册:
中图分类: H32
科图分类:
主题词: 法语--fa yu--自学参考资料
电子资源:
ISBN: 978-7-5159-0946-2
000 00863nam0 22002411 450
001 0122100846
005 20170322100846.0
010    @a978-7-5159-0946-2@dCNY36.80
100    @a20151028d2015 em y0chiy50 ea
101 0  @achi@afre
102    @aCN@b110000
105    @ay z 000yy
106    @ar
200 1  @a法语新手一学就会@9fa yu xin shou yi xue jiu hui@e白金畅销版@f李诗絮编著
210    @a北京@c中国宇航出版社@d2015
215    @a14,432页@d18cm@e1光盘(8cm)
307    @a附光盘:ISBN 978-7-89455-462-8
330    @a本书话题极为丰富,以生活化的内容为主,共分为社交篇、家庭篇、情感篇、工作篇等17章,涵盖了日常生活的方方面面,每章又细分为若干个话题,选取最实用的表达单句介绍给广大读者。
606 0  @a法语@9fa yu@j自学参考资料
690    @aH32@v5
701  0 @a李诗絮@9li shi xu@4编著
801  0 @aCN@bTANGWEI@c20170308
905    @b0960294-7@dH32@e117@f4
    
    法语新手一学就会:白金畅销版/李诗絮编著.-北京:中国宇航出版社,2015
    14,432页;18cm+1光盘(8cm)
    
    
    ISBN 978-7-5159-0946-2:CNY36.80
    本书话题极为丰富,以生活化的内容为主,共分为社交篇、家庭篇、情感篇、工作篇等17章,涵盖了日常生活的方方面面,每章又细分为若干个话题,选取最实用的表达单句介绍给广大读者。
●
相关链接 在E读中查询图书 在五车中查询图书 在当当中查询图书 在豆瓣中查询图书


正题名:法语新手一学就会     索取号:H32/117         预约/预借

序号 登录号 条形码 馆藏地/架位号 状态 备注
1 0960294   209602946   第二样本阅览室/ [索取号:H32/117] 在馆    
2 0960295   209602955   第四借阅区/ [索取号:H32/117] 在馆    
3 0960296   209602964   第四借阅区/ [索取号:H32/117] 在馆    
4 0960297   209602973   第四借阅区/ [索取号:H32/117] 在馆    
唐山师范学院图书馆 欢迎您!
大连网信软件有限公司© 版权所有